| 000 | 00825nam a22001577a 4500 | ||
|---|---|---|---|
| 003 | OSt | ||
| 005 | 20151112104659.0 | ||
| 008 | 151112b xxu||||| |||| 00| 0 eng d | ||
| 040 | _cRUA | ||
| 082 | _aFOR SOM 2004 B130 Or.1 | ||
| 100 |
_93591 _aSOM, NISETH. |
||
| 245 | _astudy on the impact of forest fire on biodiversity in kulen-promtep wildlife sanctuary in preah vihear province (សិក្សាពីហេតុប៉ះពាល់ទៅលើជីវចំរុះដែលបណ្តាលមកពីភ្លើងឆេះព្រៃក្នុងដែនជំរកសត្វព្រៃគូលែន ព្រហ្មទេពស្ថិតក្នុងខេត្តព្រះវិហារ) | ||
| 260 |
_aPhnom Penh _bRUA _c2004 |
||
| 300 |
_aviii, 42p. _bill. _c29cm. |
||
| 942 |
_2ddc _cFOR |
||
| 999 |
_c3344 _d3344 |
||